| 000 | 00000nam 2200000za 4500 |
| 001 | 9.824339 |
| 003 | CaOODSP |
| 005 | 20221107144113 |
| 007 | cr ||||||||||| |
| 008 | 160916s2016 bcca||| o| f000 0 fre d |
| 040 | |aCaOODSP|bfre |
| 043 | |an-cn--- |
| 086 | 1 |aFs70-6/2016-042F-PDF |
| 245 | 00|aÉtat biologique intégré du saumon quinnat (oncorhynchus tshawytscha) du sud de la Colombie-Britannique en vertu de la politique concernant le saumon sauvage |h[ressource électronique]. |
| 260 | |aNanaimo, C.-B. : |bPêches et Océans Canada, |c2016. |
| 300 | |a17 p. : |bill. |
| 490 | 1 |aSecrétariat canadien de consultation scientifique, avis scientifique, |x1919-5117 ; |v2016/042, Région du Pacifique |
| 500 | |aPublié aussi en anglais sous le titre : Integrated biological status of southern British Columbia Chinook salmon (Oncorhynchus tshawytscha) under the Wild Salmon Policy. |
| 500 | |a« Août 2016. » |
| 504 | |aComprend des références bibliographiques. |
| 520 | |aUn atelier intitulé « Évaluation des unités de conservation, des points de référence et de l'état du saumon quinnat du sud de la Colombie-Britannique » a été donné pour déterminer un état intégré selon la PSS pour chacune des 35 UC du saumon quinnat du sud de la Colombie-Britannique. La méthode de l'intégration du statut utilisée était semblable à celle appliquée pour le saumon rouge (Grant et Pestal, 2013). Une des caractéristiques des UC du saumon quinnat du sud de la Colombie-Britannique qui est distincte de celles des UC du saumon rouge évaluées jusqu'à maintenant est la présence importante de poissons d'élevage en plus des poissons sauvages dans nombre de secteurs/bassins versants des UC. ... |
| 692 | 07|2gccst|aGestion des pêches |
| 710 | 1 |aCanada. |bMinistère des pêches et des océans. |bRégion du Pacifique. |
| 710 | 2 |aSecrétariat canadien de consultation scientifique. |
| 775 | 08|tIntegrated biological status of southern British Columbia Chinook salmon (Oncorhynchus tshawytscha) under the Wild Salmon Policy |w(CaOODSP)9.824333 |
| 830 | #0|aAvis scientifique (Secrétariat canadien de consultation scientifique)|x1919-5117 ; |v2016/042, Région du Pacifique|w(CaOODSP)9.502624 |
| 856 | 40|qPDF|s366 Ko|uhttps://publications.gc.ca/collections/collection_2016/mpo-dfo/Fs70-6-2016-042-fra.pdf |